[Event "4NCL 2015-16"]
[Site "Birmingham ENG"]
[Date "2015.11.14"]
[Round "1.123"]
[White "Ashton, Adam G"]
[Black "Harvey, Marcus R"]
[Result "1/2-1/2"]
[WhiteTitle "FM"]
[BlackTitle "FM"]
[WhiteElo "2385"]
[BlackElo "2341"]
[WhiteTeam "3C's"]
[BlackTeam "Oxford"]
[WhiteFideId "410110"]
[BlackFideId "400092"]
[EventDate "2015.11.14"]

1. e4 e6 2. d4 d5 3. Nd2 c5 4. Ngf3 Nc6 5. exd5 exd5 6. Bb5 Bd6 7. dxc5 Bxc5 8.
O-O Ne7 9. Nb3 Bd6 10. Bg5 O-O 11. Bh4 Qb6 12. Be2 a5 13. a4 Re8 14. Bg3 Bxg3
15. hxg3 Nf5 16. Kh2 Re6 17. Ng5 Rh6+ 18. Nh3 Be6 19. g4 Nfd4 20. Nxd4 Nxd4 21.
c3 Qd6+ 22. Kg1 Nxe2+ 23. Qxe2 Rg6 24. f3 f5 25. g5 f4 26. Nf2 Rxg5 27. Rfe1 Kf7
28. Rad1 Re8 29. Rd4 Rf5 30. Qd2 Qc7 31. c4 Rd8 32. Qe2 Qe7 33. Qd2 Qc7 34. Qe2
Qe7 35. Qd2 Qc7 1/2-1/2

[Event "4NCL 2015-16"]
[Site "Birmingham ENG"]
[Date "2015.11.14"]
[Round "1.135"]
[White "Jackson, James P"]
[Black "Bednar, Marcel"]
[Result "1/2-1/2"]
[WhiteTitle "FM"]
[WhiteElo "2368"]
[BlackElo "2286"]
[WhiteTeam "Barbican 4NCL"]
[BlackTeam "Wood Green HK"]
[WhiteFideId "416860"]
[BlackFideId "331007"]
[EventDate "2015.11.14"]

1. e4 c5 2. Nf3 d6 3. d4 cxd4 4. Nxd4 Nf6 5. Nc3 a6 6. Bg5 e6 7. f4 b5 8. e5
dxe5 9. fxe5 Qc7 10. exf6 Qe5+ 11. Be2 Qxg5 12. O-O Ra7 13. Qd3 Rd7 14. Ne4 Qe5
15. Nf3 Qc7 16. Qe3 Bb7 17. Nfg5 h6 18. Qh3 Qe5 19. Bd3 Nc6 20. a3 Qd4+ 21. Kh1
Ne5 22. Nf3 Nxf3 23. Qxf3 Rg8 24. Rae1 gxf6 25. Qxf6 Bxe4 26. Bxe4 Qxf6 27. Rxf6
Bg7 28. Rf3 Ke7 29. Rg3 Kf8 30. c3 Be5 31. Rd3 Rxd3 32. Bxd3 Rg5 33. Kg1 Bd6 34.
b4 Ke7 35. Re3 Re5 36. Rxe5 Bxe5 37. c4 Bb2 38. cxb5 axb5 39. Bxb5 Bxa3 40. Kf2
Bxb4 41. Kf3 h5 42. g3 f5 43. h3 Kf6 44. g4 Kg5 45. h4+ Kxh4 46. g5 Kxg5 47. Kg2 1/2-1/2

[Event "4NCL 2015-16"]
[Site "Birmingham ENG"]
[Date "2015.11.14"]
[Round "1.148"]
[White "Emerson, Roger"]
[Black "Jones, Rupert"]
[Result "1-0"]
[BlackTitle "FM"]
[WhiteElo "2194"]
[BlackElo "1872"]
[WhiteTeam "Guildford"]
[BlackTeam "White Rose"]
[WhiteFideId "424099"]
[BlackFideId "9100121"]
[EventDate "2015.11.14"]

1. d4 Nf6 2. c4 e6 3. Nc3 Bb4 4. e3 b6 5. Ne2 Bb7 6. a3 Be7 7. Ng3 O-O 8. e4 d6
9. Be2 Nbd7 10. O-O Re8 11. Be3 g6 12. b4 e5 13. d5 a6 14. Qd2 Kh8 15. Rfc1 Rc8
16. Rab1 c6 17. dxc6 Rxc6 18. Nd5 Nxd5 19. cxd5 Rxc1+ 20. Rxc1 Qb8 21. h3 b5 22.
a4 bxa4 23. Ra1 Bc8 24. Rxa4 Nb6 25. Ra3 f5 26. exf5 gxf5 27. Bxa6 Bxa6 28. Rxa6
Nc4 29. Qc3 Qb5 30. Rc6 Nxe3 31. fxe3 Qxd5 32. Nxf5 Rg8 33. Qc2 Bg5 34. e4 Qb5
35. Rc8 Qb6+ 36. Kh1 Qxb4 37. Rxg8+ Kxg8 38. Qc8+ Kf7 39. Qd7+ Kg6 40. Qg7+ Kh5
41. g4# 1-0

[Event "4NCL 2015-16"]
[Site "Birmingham ENG"]
[Date "2015.11.14"]
[Round "1.183"]
[White "Strugnell, Carl"]
[Black "Buchicchio, Giampaolo"]
[Result "1-0"]
[WhiteTitle "FM"]
[BlackTitle "FM"]
[WhiteElo "2242"]
[BlackElo "2334"]
[WhiteTeam "South Wales Dragons"]
[BlackTeam "Barbican 4NCL"]
[WhiteFideId "616753"]
[BlackFideId "811491"]
[EventDate "2015.11.14"]

1. e4 c5 2. Nc3 Nc6 3. Bb5 Nd4 4. Nf3 Nxb5 5. Nxb5 d6 6. d4 Nf6 7. Nc3 Bg4 8.
Be3 cxd4 9. Qxd4 e5 10. Qd3 Be7 11. Bg5 Nh5 12. Bxe7 Qxe7 13. Nd5 Qd7 14. Nd2
O-O 15. Nc4 f5 16. Qb3 Kh8 17. h3 fxe4 18. hxg4 Qxg4 19. Qh3 Nf6 20. Nxf6 Qxh3
21. Rxh3 Rxf6 22. Rd1 Raf8 23. Rxd6 Rxf2 24. Rd8 Rf1+ 25. Ke2 Rf2+ 26. Ke3 Rxd8
27. Kxf2 b5 28. Ne3 g6 29. Ke2 b4 30. Ng4 Rc8 31. c3 Rc5 32. Nf6 Kg7 33. Nxe4
Ra5 34. cxb4 Rxa2 35. Rb3 a5 36. Nc3 Ra1 37. b5 a4 38. Rb4 a3 39. bxa3 Rxa3 40.
b6 Ra8 41. b7 1-0

[Event "4NCL 2015-16"]
[Site "Birmingham ENG"]
[Date "2015.11.15"]
[Round "2.153"]
[White "Cumming, Rhys"]
[Black "Pert, Nicholas"]
[Result "0-1"]
[BlackTitle "GM"]
[WhiteElo "2135"]
[BlackElo "2569"]
[WhiteTeam "Sussex Martlets"]
[BlackTeam "Guildford"]
[WhiteFideId "470163"]
[BlackFideId "403989"]
[EventDate "2015.11.14"]

1. d4 Nf6 2. c4 e6 3. Nc3 Bb4 4. e3 O-O 5. Ne2 Re8 6. a3 Bf8 7. d5 a5 8. Ng3 Na6
9. Be2 Nc5 10. e4 d6 11. Be3 b6 12. O-O g6 13. h3 Bg7 14. Qc2 h5 15. Rfd1 exd5
16. Bxc5 bxc5 17. exd5 Bd7 18. a4 h4 19. Nf1 Qe7 20. Re1 Bf5 21. Qd2 Ne4 22.
Nxe4 Qxe4 23. Ne3 Qf4 24. Bd3 Bd7 25. Re2 Be5 26. Nf1 Qxd2 27. Nxd2 Bxb2 28.
Rxe8+ Rxe8 29. Rb1 Bc3 30. Ne4 Bd4 31. Rb7 Bf5 0-1

[Event "4NCL 2015-16"]
[Site "Birmingham ENG"]
[Date "2015.11.15"]
[Round "2.162"]
[White "Esserman, Marc"]
[Black "Ghasi, Ameet K"]
[Result "1-0"]
[WhiteTitle "IM"]
[BlackTitle "IM"]
[WhiteElo "2408"]
[BlackElo "2469"]
[WhiteTeam "Cambridge University"]
[BlackTeam "Grantham Sharks"]
[WhiteFideId "2018616"]
[BlackFideId "409200"]
[EventDate "2015.11.14"]

1. e4 g6 2. d4 d6 3. c4 Nf6 4. Nc3 Bg7 5. Nf3 O-O 6. Be2 Nbd7 7. O-O e5 8. Re1
Qe7 9. Bf1 c6 10. d5 c5 11. a3 h6 12. g3 Ne8 13. Nh4 Kh7 14. Rb1 Bf6 15. Nf3 Bg7
16. Qc2 b6 17. Bd2 Qd8 18. b4 a5 19. bxa5 Rxa5 20. a4 Ra6 21. Nb5 Ndf6 22. Nh4
Nh5 23. h3 Bf6 24. Nf3 Bd7 25. Kh2 Be7 26. Bd3 Qc8 27. Ng1 f5 28. exf5 Bxf5 29.
Bxf5 gxf5 30. Ne2 Nhf6 31. Nf4 Ng7 32. Ne6 Nxe6 33. Qxf5+ Kg7 34. dxe6 Rxa4 35.
Ra1 Rxc4 36. Ra7 Ng4+ 37. hxg4 Rxf5 38. gxf5 Kf6 39. Nxd6 Qb8 40. Rxe7 Rh4+ 41.
gxh4 Kxe7 42. Ne4 Qf8 43. Ng3 Qa8 44. Bxh6 Qf3 1-0

[Event "4NCL 2015-16"]
[Site "Birmingham ENG"]
[Date "2015.11.15"]
[Round "2.167"]
[White "Bremner, Adam"]
[Black "Brau, Julio"]
[Result "1-0"]
[WhiteElo "2183"]
[BlackElo "2071"]
[WhiteTeam "Grantham Sharks"]
[BlackTeam "Cambridge University"]
[WhiteFideId "2400847"]
[BlackFideId "439525"]
[EventDate "2015.11.14"]

1. d4 Nf6 2. c4 e6 3. Nc3 Bb4 4. e3 O-O 5. Bd3 d5 6. Ne2 c5 7. cxd5 Nxd5 8. O-O
Nc6 9. Nxd5 exd5 10. dxc5 Ne5 11. Bb1 b6 12. Nf4 Ba6 13. Qh5 Ng6 14. Rd1 Rc8 15.
cxb6 Rc5 16. Bf5 Qxb6 17. a3 Ra5 18. Nxd5 Qd6 19. e4 Bc5 20. Bf4 1-0

[Event "4NCL 2015-16"]
[Site "Birmingham ENG"]
[Date "2016.01.23"]
[Round "3.122"]
[White "Ivell, Nicholas W"]
[Black "Collins, Sam E."]
[Result "1-0"]
[BlackTitle "IM"]
[WhiteElo "2244"]
[BlackElo "2456"]
[WhiteTeam "Spirit of Atticus"]
[BlackTeam "Barbican 4NCL"]
[WhiteFideId "400726"]
[BlackFideId "2501198"]
[EventDate "2015.11.14"]

1. e4 e5 2. Nf3 Nc6 3. Bb5 a6 4. Ba4 Nf6 5. O-O Be7 6. Re1 b5 7. Bb3 d6 8. c3
O-O 9. h3 Na5 10. Bc2 d5 11. Nxe5 dxe4 12. d4 Bb7 13. Nd2 c5 14. Nxe4 cxd4 15.
Nxf6+ Bxf6 16. cxd4 Rc8 17. Bf5 Qd5 18. Be4 Qd6 19. Bxb7 Nxb7 20. Bf4 Rfe8 21.
Qd3 Qb6 22. Nd7 Qxd4 23. Rxe8+ Rxe8 24. Rd1 Qe4 25. Nxf6+ gxf6 26. Qxe4 Rxe4 27.
Bh6 Rh4 28. Be3 Kg7 29. Rd7 Na5 30. b3 Re4 31. Ra7 Re6 32. Bd2 Nc6 33. Rxa6 Rd6
34. Bf4 Rd1+ 35. Kh2 Nb4 36. Rb6 Nd5 37. Rd6 Kf8 38. a4 Rd3 39. a5 Ke7 40. a6 1-0

[Event "4NCL 2015-16"]
[Site "Birmingham ENG"]
[Date "2016.01.23"]
[Round "3.123"]
[White "Griffiths, Ryan Rhys"]
[Black "Carleton, John J"]
[Result "1-0"]
[WhiteTitle "FM"]
[WhiteElo "2340"]
[BlackElo "2290"]
[WhiteTeam "Barbican 4NCL"]
[BlackTeam "Spirit of Atticus"]
[WhiteFideId "2502054"]
[BlackFideId "401013"]
[EventDate "2015.11.14"]

1. c4 e6 2. d4 Nf6 3. Nc3 Bb4 4. e3 O-O 5. Ne2 d5 6. a3 Be7 7. cxd5 exd5 8. Nf4
a5 9. Bd3 c6 10. O-O Na6 11. f3 Nc7 12. Bc2 Ne6 13. Kh1 Nxf4 14. exf4 Bd6 15. f5
Nh5 16. Qe1 Qf6 17. g4 Nf4 18. Be3 Re8 19. Qd2 g5 20. Rae1 Bd7 21. Ne4 dxe4 22.
fxe4 Qh6 23. e5 Be7 24. f6 Bf8 25. Bxf4 gxf4 26. g5 Qh5 27. Rxf4 Be6 28. Re3
Bd5+ 29. Kg1 Kh8 30. Rg3 c5 31. Bd1 Qg6 32. Bc2 Qh5 33. Rgg4 Be6 34. Rh4 Qxg5+
35. Rfg4 Qxg4+ 36. Rxg4 Bxg4 37. Qd3 1-0

[Event "4NCL 2015-16"]
[Site "Birmingham ENG"]
[Date "2016.01.23"]
[Round "3.145"]
[White "Martin, Andrew D"]
[Black "Horton, Andrew P"]
[Result "1/2-1/2"]
[WhiteTitle "IM"]
[BlackTitle "FM"]
[WhiteElo "2375"]
[BlackElo "2313"]
[WhiteTeam "Guildford"]
[BlackTeam "3C's"]
[WhiteFideId "400300"]
[BlackFideId "424269"]
[EventDate "2015.11.14"]

1. d4 Nf6 2. c4 e6 3. Nc3 Bb4 4. e3 b6 5. Ne2 Ba6 6. Ng3 c5 7. d5 d6 8. e4 O-O
9. Be2 Re8 10. O-O Bxc3 11. bxc3 exd5 12. cxd5 Bxe2 13. Qxe2 Nxd5 14. Qf3 Ne7
15. Rd1 Nd7 16. Bf4 d5 17. exd5 1/2-1/2

[Event "4NCL 2015-16"]
[Site "Birmingham ENG"]
[Date "2016.01.23"]
[Round "3.153"]
[White "Ledger, Andrew J"]
[Black "Pert, Nicholas"]
[Result "1/2-1/2"]
[WhiteTitle "IM"]
[BlackTitle "GM"]
[WhiteElo "2387"]
[BlackElo "2569"]
[WhiteTeam "Blackthorne Russia"]
[BlackTeam "Guildford"]
[WhiteFideId "400610"]
[BlackFideId "403989"]
[EventDate "2015.11.14"]

1. d4 Nf6 2. c4 e6 3. Nc3 Bb4 4. e3 O-O 5. Bd3 d5 6. Ne2 b6 7. O-O Bb7 8. a3 Bd6
9. Ng3 dxc4 10. Bxc4 Nbd7 11. Qe2 c5 12. dxc5 Nxc5 13. Rd1 Qe7 14. b4 Be5 15.
Bb2 Nce4 16. Ncxe4 Bxb2 17. Qxb2 Nxe4 18. Nxe4 Bxe4 19. Rd4 Bb7 20. Rad1 Rad8
21. Qd2 Rxd4 22. Qxd4 Rc8 23. Bf1 Kf8 24. h3 e5 25. Qg4 Rc7 26. Bc4 Bc8 27. Qe2
g6 28. Bd5 Kg7 29. Qb2 Qf6 30. Rc1 Qd6 1/2-1/2

[Event "4NCL 2015-16"]
[Site "Birmingham ENG"]
[Date "2016.01.23"]
[Round "3.178"]
[White "Norinkeviciute, Rasa"]
[Black "Regan, Natasha K"]
[Result "1/2-1/2"]
[WhiteTitle "WFM"]
[BlackTitle "WIM"]
[WhiteElo "2036"]
[BlackElo "2052"]
[WhiteTeam "Sussex Martlets"]
[BlackTeam "Barbican 4NCL"]
[WhiteFideId "12801925"]
[BlackFideId "403067"]
[EventDate "2015.11.14"]

1. c4 Nf6 2. g3 g6 3. Bg2 Bg7 4. Nc3 c5 5. e4 Nc6 6. Nf3 d6 7. O-O O-O 8. h3 Bd7
9. a3 Rb8 10. Rb1 Ne8 11. b4 b6 12. Nd5 e6 13. Ne3 f5 14. d3 Nf6 15. Ne1 Nd4 16.
f4 Bc6 17. exf5 Bxg2 18. Kxg2 gxf5 19. Nf3 Qd7 20. Nc2 Qc6 21. Nxd4 cxd4 22. Kh2
Nd7 23. Rb2 b5 24. cxb5 Qxb5 25. Re2 Qd5 26. Rc2 Nb6 27. Rc7 Rbc8 28. Rxa7 Rc3
29. Qe2 Rfc8 30. Bd2 Rc2 31. Ne1 Rb2 32. Rf2 Qa2 33. Qh5 Rf8 1/2-1/2

[Event "4NCL 2015-16"]
[Site "Birmingham ENG"]
[Date "2016.01.23"]
[Round "3.183"]
[White "Kett, Tim"]
[Black "Camus de Solliers, Guillaume"]
[Result "1/2-1/2"]
[BlackTitle "FM"]
[WhiteElo "2190"]
[BlackElo "2354"]
[WhiteTeam "South Wales Dragons"]
[BlackTeam "Cambridge University"]
[WhiteFideId "1801210"]
[BlackFideId "631256"]
[EventDate "2015.11.14"]

1. Nf3 Nf6 2. g3 b6 3. Bg2 Bb7 4. O-O e6 5. c4 Be7 6. d4 O-O 7. Nc3 Ne4 8. Bf4
d6 9. Nxe4 Bxe4 10. Qd2 Nd7 11. Rad1 Qc8 12. Bh3 Qd8 13. Qc3 Bf6 14. Nd2 Bb7 15.
Qd3 Bxd4 16. Qxd4 e5 17. Bxe5 Nxe5 18. f4 Nd7 19. e4 Qf6 20. e5 dxe5 21. Qxd7
Bc8 22. Ne4 Qh6 23. Qxc7 Bxh3 24. Rf2 Rac8 25. Qd6 Rxc4 26. Qxh6 gxh6 27. Nf6+
Kg7 28. fxe5 Rfc8 29. Nh5+ Kf8 30. Nf4 Rc1 31. Rd2 Rxd1+ 32. Rxd1 Bg4 33. Rd2
Rc5 34. h3 Bf5 35. g4 Be4 36. e6 Rc1+ 37. Kf2 fxe6 38. Rd7 e5 39. Ne6+ Ke8 40.
Rxa7 Rc2+ 41. Ke3 Bg2 1/2-1/2

[Event "4NCL 2015-16"]
[Site "Birmingham ENG"]
[Date "2016.01.23"]
[Round "3.185"]
[White "Redmond, John P."]
[Black "Eckersley-Waites, Adam"]
[Result "1/2-1/2"]
[WhiteElo "2203"]
[BlackElo "2280"]
[WhiteTeam "South Wales Dragons"]
[BlackTeam "Cambridge University"]
[WhiteFideId "2500051"]
[BlackFideId "411698"]
[EventDate "2015.11.14"]

1. Nf3 Nf6 2. c4 g6 3. Nc3 Bg7 4. e4 d6 5. d4 O-O 6. Be2 Na6 7. O-O e5 8. Be3
Ng4 9. Bg5 Qe8 10. dxe5 dxe5 11. Qc1 f6 12. Bd2 f5 13. h3 Nf6 14. exf5 gxf5 15.
Re1 c6 16. c5 e4 17. Bxa6 bxa6 18. Nd4 Kh8 19. Nde2 Nd7 20. Nf4 Nxc5 21. Nce2
Ne6 22. Bc3 Rg8 23. Bxg7+ Rxg7 24. Qc3 Kg8 25. Rad1 Nxf4 26. Nxf4 Be6 27. b3 Bd5
28. Re3 Rd8 29. Qf6 Rdd7 30. Qc3 Bf7 31. Ree1 Bd5 32. Qe3 Qe5 33. Rd2 Rd8 34.
Red1 Rgd7 35. Qg3+ Rg7 36. Qe3 Rgd7 37. Rd4 Be6 38. Nxe6 Qxe6 39. Qg5+ Kf7 40.
Qxd8 Rxd8 41. Rxd8 Qe5 42. R8d4 Qa5 43. R4d2 Qc3 44. Re2 h5 45. Rde1 h4 46. Re3
Qd2 47. a4 a5 48. Kf1 c5 49. f3 Qc2 50. fxe4 fxe4 51. Rxe4 Qxb3 52. Rf4+ Kg6 53.
Ree4 Qd3+ 54. Kf2 Qd2+ 55. Kg1 Qd1+ 56. Rf1 Qd8 57. Rg4+ Kh5 58. Rff4 Qd1+ 59.
Kh2 Qd2 60. Rxh4+ Kg5 61. Rhg4+ Kh5 62. h4 a6 63. Rg5+ Kh6 64. Rf6+ Kh7 65. Rxc5
Qd4 66. Rh5+ Kg7 67. Rff5 Qxa4 68. Rhg5+ Kh6 69. Rh5+ Kg6 70. Rhg5+ Kh6 71. Rh5+
Kg6 72. Rfg5+ Kf6 73. Rh6+ Kf7 74. Rh7+ Kf6 75. Rh6+ Kf7 76. g3 Qc2+ 77. Kh3
Qc8+ 78. Rg4 Qc1 79. Rf4+ Kg7 80. Rhf6 Qh1+ 81. Kg4 Qd1+ 82. Kg5 Qd5+ 83. R6f5
Qd8+ 84. Kg4 Qd1+ 85. Kh3 Qh1+ 86. Kg4 Qd1+ 87. Rf3 a4 88. Rf7+ Kh6 89. Rf6+ Kg7
90. Rf7+ Kh6 91. Rf6+ 1/2-1/2

[Event "4NCL 2015-16"]
[Site "Birmingham ENG"]
[Date "2016.01.24"]
[Round "4.118"]
[White "Bhatia, Kanwal K"]
[Black "Steil-Antoni, Fiona"]
[Result "0-1"]
[WhiteTitle "WFM"]
[BlackTitle "WIM"]
[WhiteElo "2072"]
[BlackElo "2150"]
[WhiteTeam "Barbican 4NCL"]
[BlackTeam "Cheddleton"]
[WhiteFideId "407496"]
[BlackFideId "4001249"]
[EventDate "2015.11.14"]

1. e4 c6 2. d4 d5 3. Nd2 g6 4. e5 Bg7 5. f4 Nh6 6. Ngf3 O-O 7. Nb3 b6 8. h3 Nf5
9. Kf2 f6 10. g4 Nh6 11. c3 fxe5 12. fxe5 c5 13. Be2 c4 14. Nd2 Be6 15. Qg1 Qd7
16. Nf1 Na6 17. Qg3 b5 18. a3 Nc7 19. Ne3 a5 20. Ng2 b4 21. Qh4 Nf7 22. axb4
axb4 23. Bd2 h6 24. Qg3 Nb5 25. Nf4 Rxa1 26. Rxa1 Ng5 27. Ke1 Ne4 28. Qh2 bxc3
29. bxc3 g5 30. Nxe6 Qxe6 31. Rc1 Ra8 32. h4 Qxg4 33. hxg5 Nxd2 34. Nxd2 Qxg5
35. Qh1 e6 36. Qh3 Ra2 37. Qxe6+ Kh7 38. Rd1 Nxc3 39. Bg4 Qe3+ 40. Kf1 Qf4+ 41.
Nf3 Ra8 42. Qf5+ Qxf5 43. Bxf5+ Kh8 44. Re1 Bf8 45. e6 Be7 46. Ne5 Kg7 47. Re3
Nb5 48. Nc6 Bg5 49. Rf3 Ra1+ 50. Ke2 Ra6 51. e7 Bxe7 52. Rg3+ Bg5 53. Nb4 Nxd4+
54. Kf2 Rf6 0-1

[Event "4NCL 2015-16"]
[Site "Birmingham ENG"]
[Date "2016.01.24"]
[Round "4.128"]
[White "Kalaiyalahan, Akshaya"]
[Black "Varney, Zoe"]
[Result "1-0"]
[WhiteElo "2231"]
[BlackElo "1847"]
[WhiteTeam "Guildford"]
[BlackTeam "Oxford"]
[WhiteFideId "422894"]
[BlackFideId "436135"]
[EventDate "2015.11.14"]

1. d4 d5 2. c4 c6 3. Nf3 Nf6 4. g3 e6 5. Bg2 Nbd7 6. O-O Bd6 7. Nc3 O-O 8. Nd2
Bc7 9. e4 dxe4 10. Ndxe4 Nxe4 11. Nxe4 e5 12. d5 cxd5 13. cxd5 Nb6 14. d6 Bb8
15. Bg5 f6 16. Be3 Rf7 17. Qb3 Kf8 18. Rac1 h6 19. Qa3 Bd7 20. Rfd1 Kg8 21. Qb3
Ba4 22. Bxb6 axb6 23. Qe6 Bxd1 24. Rc8 Ba7 25. Rxd8+ Rxd8 26. d7 Bb8 27. Nxf6+
gxf6 28. Bd5 Rxd7 29. Qxd7 Bh5 30. Bxf7+ Bxf7 31. Qd8+ Kg7 32. Qxb8 1-0

[Event "4NCL 2015-16"]
[Site "Birmingham ENG"]
[Date "2016.01.24"]
[Round "4.171"]
[White "Roberson, Peter T"]
[Black "Cooper, John G"]
[Result "1/2-1/2"]
[WhiteTitle "IM"]
[WhiteElo "2408"]
[BlackElo "1955"]
[WhiteTeam "Grantham Sharks"]
[BlackTeam "Spirit of Atticus"]
[WhiteFideId "412384"]
[BlackFideId "416096"]
[EventDate "2015.11.14"]

1. e4 c5 2. Nf3 e6 3. c3 d5 4. exd5 exd5 5. d4 Nc6 6. Bb5 Bd6 7. dxc5 Bxc5 8.
O-O Ne7 9. Nbd2 O-O 10. Nb3 Bd6 11. Re1 Bg4 12. h3 Bh5 13. Be2 Re8 14. Be3 Qd7
15. Qd2 Bxf3 16. Bxf3 Ne5 17. Bxd5 Nxd5 18. Qxd5 Nd3 19. Kf1 Nxe1 20. Rxe1 Qc7
21. Nd4 Rad8 22. Nb5 Qa5 23. Qb3 Bb8 24. Nd4 Qa6+ 25. Kg1 Bf4 26. Nc2 Qd6 27.
Qxb7 Bxe3 28. Nxe3 Rb8 29. Qxa7 Rxb2 30. Rd1 Qf4 31. Nd5 Qe5 32. a4 1/2-1/2

[Event "4NCL 2015-16"]
[Site "Birmingham ENG"]
[Date "2016.01.24"]
[Round "4.176"]
[White "Zeidler, Sven P."]
[Black "Bremner, Adam"]
[Result "0-1"]
[WhiteTitle "FM"]
[WhiteElo "2160"]
[BlackElo "2183"]
[WhiteTeam "South Wales Dragons"]
[BlackTeam "Grantham Sharks"]
[WhiteFideId "1800604"]
[BlackFideId "2400847"]
[EventDate "2015.11.14"]

1. e4 c6 2. Nf3 d5 3. exd5 cxd5 4. Ne5 Nd7 5. d4 g6 6. c4 dxc4 7. Qa4 e6 8. Nc3
a6 9. Bf4 Nf6 10. Bxc4 Bg7 11. O-O-O O-O 12. Qb3 b5 13. Bxe6 fxe6 14. Qxe6+ Kh8
15. Nf7+ Rxf7 16. Qxf7 Bb7 17. Rhe1 b4 18. Re7 Bf8 19. Re6 bxc3 20. Bg5 cxb2+
21. Kxb2 Rb8 22. Ka1 Bg7 23. Rde1 Qf8 24. Re7 Qxf7 25. Rxf7 Bd5 0-1

[Event "4NCL 2015-16"]
[Site "Birmingham ENG"]
[Date "2016.02.13"]
[Round "5.143"]
[White "Ivell, Nicholas W"]
[Black "Harvey, Marcus R"]
[Result "0-1"]
[BlackTitle "FM"]
[WhiteElo "2244"]
[BlackElo "2341"]
[WhiteTeam "Spirit of Atticus"]
[BlackTeam "Oxford"]
[WhiteFideId "400726"]
[BlackFideId "400092"]
[EventDate "2015.11.14"]

1. e4 e6 2. d4 d5 3. Nd2 c5 4. Ngf3 Nc6 5. exd5 exd5 6. Bb5 Bd6 7. dxc5 Bxc5 8.
O-O Ne7 9. Nb3 Bd6 10. Bg5 O-O 11. Bh4 Qb6 12. Be2 a5 13. a4 Nf5 14. Qxd5 Nb4
15. Qe4 Bd7 16. c3 Rfe8 17. Qg4 Rxe2 18. cxb4 Qxb4 19. Qxb4 axb4 20. Bg5 Rxb2
21. Nbd4 Nxd4 22. Nxd4 Bc5 23. Be3 Rxa4 24. Rxa4 Bxa4 25. Ra1 f6 26. Bc1 Rxf2
27. Be3 Rd2 0-1

[Event "4NCL 2015-16"]
[Site "Birmingham ENG"]
[Date "2016.02.13"]
[Round "5.157"]
[White "Flear, Glenn C"]
[Black "Brown, Martin"]
[Result "1/2-1/2"]
[WhiteTitle "GM"]
[WhiteElo "2457"]
[BlackElo "2216"]
[WhiteTeam "Guildford"]
[BlackTeam "White Rose"]
[WhiteFideId "400165"]
[BlackFideId "401480"]
[EventDate "2015.11.14"]

1. d4 Nf6 2. c4 g6 3. Nc3 d5 4. cxd5 Nxd5 5. Bd2 Bg7 6. e4 Nb6 7. Be3 O-O 8. Bb5
a6 9. Be2 Nc6 10. d5 Ne5 11. Bd4 g5 12. h4 g4 13. Bxe5 Bxe5 14. Bxg4 f5 15. Bxf5
Bxf5 16. exf5 Bxc3+ 17. bxc3 Qxd5 18. Qg4+ Kh8 19. Nf3 Qxf5 20. Qxf5 Rxf5 21.
O-O-O Rg8 22. Rhe1 Rxg2 23. Ng5 e5 24. Rd8+ Kg7 25. Ne4 Nc4 26. Red1 Nd6 27.
Rd7+ Rf7 28. Nxd6 cxd6 29. R1xd6 Rxf2 30. Rxf7+ Kxf7 31. Rd7+ Kg6 32. Rxb7 Rxa2
33. Re7 Re2 34. Re6+ Kf5 35. Rxa6 h5 36. Rh6 Kg4 37. Kd1 Re4 38. Kd2 Kxh4 39.
Rg6 Rg4 40. Re6 Rg5 41. c4 Kg3 42. c5 h4 43. c6 h3 44. c7 h2 45. c8=Q h1=Q 46.
Qc3+ Kg4 47. Qd3 Qg2+ 48. Qe2+ Qxe2+ 49. Kxe2 Kf4 50. Rf6+ Ke4 51. Ra6 Rg2+ 52.
Ke1 Rc2 53. Ra3 Kd4 54. Rh3 e4 55. Ra3 Rc3 56. Rxc3 Kxc3 57. Ke2 Kd4 58. Kd2 e3+
59. Ke2 Ke4 60. Ke1 Kd3 61. Kd1 e2+ 62. Ke1 Ke3 1/2-1/2

[Event "4NCL 2015-16"]
[Site "Birmingham ENG"]
[Date "2016.02.13"]
[Round "5.164"]
[White "Williams, Samuel G"]
[Black "Bates, Richard A"]
[Result "1-0"]
[BlackTitle "IM"]
[WhiteElo "2242"]
[BlackElo "2327"]
[WhiteTeam "Grantham Sharks"]
[BlackTeam "Blackthorne Russia"]
[WhiteFideId "410977"]
[BlackFideId "403555"]
[EventDate "2015.11.14"]

1. d4 Nf6 2. c4 e6 3. Nc3 Bb4 4. f3 c5 5. d5 d6 6. e4 O-O 7. Ne2 b5 8. Nf4 e5 9.
Ne2 Nh5 10. g4 Qh4+ 11. Kd2 f5 12. gxh5 fxe4 13. Ng3 Rxf3 14. Be2 Rf2 15. Kc2
Bxc3 16. bxc3 Bg4 17. Be3 Bxe2 18. Nxe2 Rf3 19. Qg1 Qxh5 20. Rf1 Nd7 21. Qg5 Qf7
22. Rxf3 exf3 23. Ng3 Rf8 24. Ne4 bxc4 25. Nxd6 Qxd5 26. Rd1 Qc6 27. Rg1 g6 28.
Qe7 Qa4+ 29. Kb1 f2 30. Rf1 Nf6 31. Bh6 Rb8+ 32. Ka1 Nh5 33. Qe6+ Kh8 34. Nf7+
Kg8 35. Ng5+ 1-0

[Event "4NCL 2015-16"]
[Site "Birmingham ENG"]
[Date "2016.02.13"]
[Round "5.183"]
[White "Cumming, Rhys"]
[Black "Cooper, John G"]
[Result "1-0"]
[WhiteElo "2135"]
[BlackElo "1955"]
[WhiteTeam "Sussex Martlets"]
[BlackTeam "Spirit of Atticus"]
[WhiteFideId "470163"]
[BlackFideId "416096"]
[EventDate "2015.11.14"]

1. d4 e6 2. c4 Bb4+ 3. Nc3 c5 4. e3 Nc6 5. Ne2 cxd4 6. exd4 d5 7. a3 Bxc3+ 8.
Nxc3 Nge7 9. cxd5 exd5 10. Bb5 O-O 11. Bg5 Qb6 12. Bxe7 Nxe7 13. O-O Nf5 14. Bd3
Qxb2 15. Nxd5 Be6 16. Bxf5 Bxd5 17. Bxh7+ Kxh7 18. Qd3+ Kg8 19. Rfb1 Bc4 20.
Qxc4 Rac8 21. Qd3 Qc2 22. Qxc2 Rxc2 23. Rxb7 Rd8 24. Rxa7 Rxd4 25. g3 Rdd2 26.
Rf1 Ra2 27. h4 g6 28. Ra4 Kg7 29. Kg2 Rd3 30. Rf4 Rdxa3 31. Rb1 Ra4 32. Rf3 R2a3
33. Rbb3 Rxb3 34. Rxb3 Rc4 35. Rb5 Ra4 36. Rc5 Rb4 37. Rc6 Ra4 38. Rb6 Rc4 39.
Rb1 Ra4 40. Kh3 Rc4 41. Rb2 Ra4 42. Rb5 Kh6 43. Rb3 Rc4 44. f3 Kg7 45. g4 Rc5
46. Kg3 Ra5 47. Rb2 Rc5 48. Rh2 Rc4 49. h5 gxh5 50. Rxh5 Kg6 51. Ra5 f6 52. Ra8
Rc3 53. Ra2 Rb3 54. Re2 Ra3 55. Kf4 Ra4+ 56. Re4 Ra1 57. Re3 Ra4+ 58. Kg3 Ra1
59. Rb3 Rc1 60. Ra3 Rb1 61. f4 Rb4 62. Ra7 Rb1 63. Ra6 Rg1+ 64. Kf3 Kf7 65. f5
Ke7 66. Ra7+ Kf8 67. Ke4 Rxg4+ 68. Kd5 Rb4 69. Rd7 Ke8 70. Rc7 Kd8 71. Rh7 Rb6
72. Rf7 Ra6 73. Rb7 Ke8 74. Rc7 Ra5+ 75. Rc5 Ra7 76. Kd6 Re7 77. Rc8+ Kf7 78.
Rc7 Rxc7 79. Kxc7 Kg7 80. Kd7 Kh6 81. Ke7 1-0